| 000 | 00537nam a2200205Ia 4500 | ||
|---|---|---|---|
| 003 | GCL | ||
| 008 | 140319s9999 xx 000 0 eng d | ||
| 040 |
_aGCL / _cGCL |
||
| 082 | 0 | 4 |
_a291.094 _bJ H |
| 100 | 1 | _aJONES, PRUDENCE | |
| 245 | 1 | 0 |
_aA HISTORY OF PAGAN EUROPE / _cJONES, PRUDENCE |
| 700 | 1 | _aPENNICK, NIGEL | |
| 260 |
_a[S.N] : _bROUTLEDGE ، _c1995 |
||
| 300 | _a262 P | ||
| 650 | 0 | 4 | _aMYTHOLOGY - EUROPEAN |
| 650 | 0 | 4 | _aEUROPE - RELIGION |
| 650 | 0 | 4 | _aPAGANISM - HISTORY |
| 650 | 0 | 4 | _aGODDESS RELIGION |
| 942 |
_2ddc _cBK |
||
| 999 |
_c13767 _d13767 |
||